000 00314nam a22001337a 4500
008 170609b xxu||||| |||| 00| 0 eng d
020 _a9780875814117
041 _aeng
080 _a328
100 _a19
101 _aSHP
245 _aSOCIAL WELFARE POLICY, PROGRAMS, AND PRACTICE
_cSEGAL,E.A
942 _2udc
_cBK
999 _c16763
_d16763